Moderná gramatika španielčiny s cvičeniami úroveň A1 - A2

Gespeichert in:
Bibliographische Detailangaben
1. Verfasser: Spišiaková, Mária, 1973-
Weitere Verfasser: Varela Cano, Diana Patricia, 1964-, Paľková, Jana, Ulašin, Bohdan
Format: Buch
Sprache:Slowakisch
Veröffentlicht: Bratislava Mikula 2015
Ausgabe:1. vyd.
Schlagworte:
Tags: Tag hinzufügen
Keine Tags, Fügen Sie das erste Tag hinzu!

MARC

LEADER 00000nam a2200000 4500
001 0210513
005 20240502073516.2
020 |a 978-80-88814-89-4 
041 0 |a slo 
044 |a SK 
245 1 0 |a Moderná gramatika španielčiny s cvičeniami  |b úroveň A1 - A2  |c Mária Spišiaková, Diana Patricia Varela Cano ; recenzenti: Jana Paľková, Bohdan Ulašin 
250 |a 1. vyd. 
264 1 |a Bratislava  |b Mikula  |c 2015 
300 |a 229 s. [7,64 AH] 
610 2 0 |a španielčina 
610 2 0 |a jazyky cudzie 
610 2 0 |a jazykoveda 
610 2 0 |a gramatika 
610 2 0 |a zásoba slovná 
100 1 |a Spišiaková, Mária, 1973- 
700 1 |a Varela Cano, Diana Patricia, 1964- 
700 1 |a Paľková, Jana 
700 1 |a Ulašin, Bohdan